| 000 | 00572nam a22001817a 4500 | ||
|---|---|---|---|
| 005 | 20251204144417.0 | ||
| 008 | 240902b |||||||| |||| 00| 0 eng d | ||
| 020 | _a978-93-81496-80-0 | ||
| 041 | _aeng | ||
| 082 | _a616.075 GOD-T | ||
| 100 |
_aGODKAR, PRAFUL B. AND GODKAR, DARSHAN. P. _98506 |
||
| 245 | _aTEXTBOOK OF MEDICAL LABORATORY TECHNOLOGY: CLINICAL LABORATORY SCIENCE AND MOLECULAR DIAGNOSIS [ VOL-1] | ||
| 250 | _a4TH ED. 2024 | ||
| 260 |
_aMUMBAI _bBHALANI PUBLISHING HOUSE |
||
| 300 | _a964;P | ||
| 650 |
_aPARAMEDICAL _xBMLT/BMIRT _98847 |
||
| 942 | _cBK | ||
| 999 |
_c8639 _d8637 |
||